000 00342nam a2200145Ia 4500
008 230917s9999||||xx |||||||||||||| ||und||
040 _e101417
_aMAIN
041 _aEnglish
082 _a005.73 S64D
100 _aSingh, S B
245 0 _aDiscrete Structures
260 _aDelhi
_bKhanna book pub.
_c2003
300 _a558 p.
942 _cBK
999 _c111124
_d111124